[Event "4NCL Division 3"]
[Site "Puma Hotel, Hinckley Island E"]
[Date "2013.05.04"]
[Round "9.145"]
[White "Doran, Chris"]
[Black "Thompson, Robert"]
[Result "1/2-1/2"]
[WhiteElo "1986"]
[BlackElo "1948"]
[PlyCount "81"]
[EventDate "2013.03.23"]
[Source "J.Saunders"]
[SourceDate "1998.06.06"]

1. e4 g6 2. d4 Bg7 3. Nc3 c5 4. Nf3 cxd4 5. Nxd4 Nc6 6. Be3 Nf6 7. Bc4 O-O 8.
Bb3 d6 9. h3 Bd7 10. O-O Qa5 11. f4 b5 12. a3 b4 13. axb4 Qxb4 14. Qd3 a5 15.
Ndb5 a4 16. Bxa4 Be6 17. b3 Nd7 18. Nd5 Bxd5 19. Qxd5 Rac8 20. Rad1 Nf6 21. Qd3
Nxe4 22. c4 Nc5 23. Bxc5 Qxc5+ 24. Kh1 Nb4 25. Qd2 Rfd8 26. Qf2 Na6 27. Na7 Rc7
28. Nb5 Rb7 29. Qf3 Rdb8 30. f5 g5 31. Nc3 Rxb3 32. Bxb3 Rxb3 33. Qa8+ Rb8 34.
Qxa6 Bxc3 35. Rd5 Qb6 36. Qxb6 Rxb6 37. Rc1 Be5 38. c5 Rc6 39. Rc4 e6 40. Rd1
Rxc5 41. Rxc5 1/2-1/2

[Event "4NCL Division 3"]
[Site "Puma Hotel, Hinckley Island E"]
[Date "2013.05.04"]
[Round "9.147"]
[White "Bennett, Patrick J"]
[Black "Hardy, Roger"]
[Result "1-0"]
[WhiteElo "2020"]
[BlackElo "1958"]
[PlyCount "59"]
[EventDate "2013.03.23"]
[Source "J.Saunders"]
[SourceDate "1998.06.06"]

1. d4 Nf6 2. c4 g6 3. g3 c6 4. Bg2 d5 5. Nf3 Bg7 6. O-O O-O 7. cxd5 cxd5 8. Nc3
Nc6 9. b3 Ne4 10. Bb2 Bf5 11. e3 Qd7 12. Ne2 g5 13. h4 h6 14. hxg5 hxg5 15. Nc3
Bf6 16. Ne5 Bxe5 17. dxe5 Nxc3 18. Bxc3 e6 19. e4 Bg6 20. exd5 exd5 21. Qxd5
Qe7 22. Qd6 Qxd6 23. exd6 f5 24. f4 g4 25. Rad1 Nd8 26. Rfe1 Re8 27. d7 Rxe1+
28. Rxe1 Nc6 29. Bxc6 bxc6 30. Ba5 1-0

[Event "4NCL Division 3"]
[Site "Puma Hotel, Hinckley Island E"]
[Date "2013.05.04"]
[Round "9.148"]
[White "White, Martin J"]
[Black "Clark, Robert G"]
[Result "1/2-1/2"]
[WhiteElo "1828"]
[BlackElo "2017"]
[PlyCount "125"]
[EventDate "2013.03.23"]
[Source "J.Saunders"]
[SourceDate "1998.06.06"]

1. e4 e6 2. d4 d5 3. e5 c5 4. c3 Nc6 5. Nf3 Qb6 6. a3 c4 7. Nbd2 f6 8. exf6
Nxf6 9. b3 cxb3 10. Nxb3 Be7 11. Bd3 O-O 12. O-O Bd7 13. Ne5 Nxe5 14. dxe5 Ne8
15. Nd4 Qc7 16. Re1 g6 17. Bd2 Ng7 18. Qb3 Rac8 19. Rab1 b6 20. Rbc1 Bc5 21.
Qb2 Ba4 22. Bh6 Qe7 23. Qa2 Rf7 24. Bxg7 Kxg7 25. Bc2 Bxc2 26. Rxc2 Bxd4 27.
cxd4 Rxc2 28. Qxc2 Qxa3 29. h4 Qb4 30. Rd1 Qc4 31. Qd2 Qc7 32. h5 Qd8 33. hxg6
hxg6 34. g3 Rc7 35. Kg2 Kg8 36. Qh6 Rg7 37. Rh1 Kf7 38. Rh4 g5 39. Qh5+ Ke7 40.
Qh6 Qg8 41. Rh1 Kd7 42. Ra1 a5 43. Rb1 Kc7 44. Qh1 Qh7 45. Qc1+ Kb8 46. Rxb6+
Rb7 47. Qc6 a4 48. Rxb7+ Qxb7 49. Qxa4 Qf7 50. Qc2 Kb7 51. Qb2+ Ka6 52. Qe2+
Kb6 53. Qb2+ Ka6 54. Qd2 Qg6 55. Qe3 Kb5 56. Qb3+ Ka5 57. Qc3+ Kb5 58. Qb3+ Ka5
59. Qe3 Kb4 60. f3 Kc4 61. g4 Qh6 62. Kg3 Qh4+ 63. Kg2 1/2-1/2

[Event "4NCL Division 3"]
[Site "Puma Hotel, Hinckley Island E"]
[Date "2013.05.04"]
[Round "9.156"]
[White "Slinger, AJ (Tony)"]
[Black "Adams, Mark A"]
[Result "1/2-1/2"]
[WhiteElo "1976"]
[BlackElo "2014"]
[PlyCount "77"]
[EventDate "2013.03.23"]
[Source "J.Saunders"]
[SourceDate "1998.06.06"]

1. c4 c5 2. Nf3 Nc6 3. Nc3 g6 4. d4 cxd4 5. Nxd4 Bg7 6. Nc2 Nf6 7. e4 d6 8. Be2
O-O 9. O-O Nd7 10. Be3 Nc5 11. f3 f5 12. exf5 Bxf5 13. Nd4 Bd7 14. Qd2 Rc8 15.
Rac1 b6 16. Rfd1 Nxd4 17. Bxd4 Bxd4+ 18. Qxd4 Ne6 19. Qe3 Rf5 20. Rd5 Rc5 21.
b4 Re5 22. Qd2 Rcxd5 23. Nxd5 Nc7 24. Ne3 Qf8 25. g3 Qf6 26. f4 Re4 27. Nd5
Nxd5 28. Qxd5+ Qe6 29. Qxe6+ Bxe6 30. Kf2 Bf7 31. Bd3 Rd4 32. Ke3 e5 33. a3 Kf8
34. c5 bxc5 35. bxc5 dxc5 36. Rxc5 Ra4 37. Rc3 exf4+ 38. gxf4 Ra5 39. Be2
1/2-1/2

[Event "4NCL Division 3"]
[Site "Puma Hotel, Hinckley Island E"]
[Date "2013.05.04"]
[Round "9.168"]
[White "Flint, Martina"]
[Black "Chan, Nevil"]
[Result "0-1"]
[WhiteElo "1888"]
[BlackElo "2028"]
[PlyCount "92"]
[EventDate "2013.03.23"]
[Source "J.Saunders"]
[SourceDate "1998.06.06"]

1. f4 Nf6 2. g3 d5 3. Bg2 e6 4. Nf3 Be7 5. O-O Nbd7 6. d3 b6 7. c3 Bb7 8. h3
O-O 9. Kh2 c5 10. Na3 Rc8 11. Ne5 Nxe5 12. fxe5 Nd7 13. d4 cxd4 14. cxd4 f6 15.
exf6 Nxf6 16. Nb5 a6 17. Nc3 Bd6 18. Bf4 Nh5 19. e3 Nf6 20. a3 h6 21. h4 Qe7
22. Bh3 Ne4 23. Nxe4 dxe4 24. Qb3 Bd5 25. Qd1 Bxf4 26. Rxf4 Rxf4 27. exf4 Qf6
28. Qd2 Bb3 29. Bg2 Rc2 30. Qb4 Bd5 31. Kg1 Qg6 32. Qe1 Rxb2 33. Rc1 Rb3 34.
Rc3 Rxc3 35. Qxc3 b5 36. Kh2 Qe8 37. Bf1 Qc6 38. Qe3 Bc4 39. Bg2 Bd5 40. Bf1
Qc2+ 41. Kh3 Qd1 42. Bg2 Qd3 43. Qc1 Bc4 44. Qe1 e3 45. Qa5 e2 46. Qd8+ Kh7 0-1

[Event "4NCL Division 3"]
[Site "Puma Hotel, Hinckley Island E"]
[Date "2013.05.04"]
[Round "9.169"]
[White "Kreuzer, Christopher RL"]
[Black "Cowan, Richard M"]
[Result "1-0"]
[WhiteElo "1960"]
[BlackElo "1816"]
[PlyCount "83"]
[EventDate "2013.03.23"]
[Source "J.Saunders"]
[SourceDate "1998.06.06"]

1. e4 c6 2. d4 d5 3. exd5 cxd5 4. c4 Nf6 5. Nc3 e6 6. Nf3 Bb4 7. a3 Bxc3+ 8.
bxc3 dxc4 9. Bxc4 O-O 10. O-O Qc7 11. Qd3 b6 12. Bg5 Nbd7 13. Bb3 Bb7 14. Rfe1
Rac8 15. c4 Rfd8 16. Qe3 Qc6 17. Rad1 Re8 18. Bf4 b5 19. cxb5 Qxb5 20. Ng5 Nd5
21. Bxd5 Qxd5 22. Qh3 h6 23. Ne4 Red8 24. Qg3 Kh7 25. Bc7 Rf8 26. Bd6 Rg8 27.
Nc5 Nf6 28. Be5 Nh5 29. Qd3+ g6 30. Nxb7 Qxb7 31. Rb1 Qd5 32. Rb5 Qd7 33. h3 a6
34. Rb6 a5 35. Reb1 Rgd8 36. Rb7 Qe8 37. Qf3 Rd7 38. Rxd7 Qxd7 39. Rb7 Qe8 40.
Rxf7+ Kg8 41. Ra7 g5 42. Qb7 1-0

[Event "4NCL Division 3"]
[Site "Puma Hotel, Hinckley Island E"]
[Date "2013.05.04"]
[Round "9.175"]
[White "Healey, Michael W"]
[Black "Adams, Philip"]
[Result "1-0"]
[WhiteElo "2088"]
[BlackElo "2072"]
[PlyCount "95"]
[EventDate "2013.03.23"]
[Source "J.Saunders"]
[SourceDate "1998.06.06"]

1. e4 c5 2. Nf3 Nc6 3. Nc3 g6 4. d4 cxd4 5. Nxd4 Bg7 6. Nb3 Nf6 7. Be2 O-O 8.
O-O d6 9. Kh1 a6 10. f4 b5 11. e5 Ne8 12. Bf3 Bb7 13. exd6 Nxd6 14. Nc5 Rc8 15.
Re1 Ba8 16. Bg4 Nf5 17. Nd7 Re8 18. Bxf5 gxf5 19. Be3 Rc7 20. Nb6 e6 21. Nxa8
Qxa8 22. a3 Qb7 23. Qh5 Rd8 24. Ne2 Rcd7 25. c3 Rd3 26. Nc1 R3d5 27. Nb3 Qc7
28. h3 Na5 29. Nxa5 Qxa5 30. Rf1 Qa4 31. Rf3 Rd1+ 32. Rxd1 Qxd1+ 33. Kh2 h6 34.
Bd4 Bxd4 35. cxd4 Qxd4 36. b4 Qe4 37. Qh4 e5 38. Qxd8+ Kh7 39. Qd7 Qc4 40.
Qxf5+ Kg8 41. fxe5 Qd5 42. Re3 Kh8 43. Qc8+ Kh7 44. Qc5 Qe6 45. Qd6 Qf5 46. e6
fxe6 47. Qxe6 Qf4+ 48. Rg3 1-0

[Event "4NCL Division 3"]
[Site "Puma Hotel, Hinckley Island E"]
[Date "2013.05.04"]
[Round "9.176"]
[White "Burke, Mitchell R"]
[Black "Ludbrook, Matthew"]
[Result "0-1"]
[WhiteElo "1966"]
[BlackElo "1996"]
[PlyCount "78"]
[EventDate "2013.03.23"]
[Source "J.Saunders"]
[SourceDate "1998.06.06"]

1. Nf3 Nf6 2. c4 d6 3. d4 g6 4. g3 Bg7 5. Bg2 O-O 6. O-O Nc6 7. d5 Nb8 8. Nc3
e5 9. Nd2 Nh5 10. e4 Qe8 11. Rb1 f5 12. f3 a5 13. b3 Na6 14. a3 b6 15. b4 axb4
16. axb4 Bd7 17. Qb3 Nf6 18. Re1 g5 19. exf5 Bxf5 20. Nde4 h6 21. Nxf6+ Bxf6
22. Ne4 Qf7 23. Bd2 Be7 24. Ra1 Bxe4 25. Rxe4 Nc5 26. bxc5 Rxa1+ 27. Kf2 Qf5
28. Ke2 bxc5 29. h4 Rg1 30. Kf2 Qxe4 31. Kxg1 Qf5 32. hxg5 Bxg5 33. Bxg5 hxg5
34. Qb7 Rf7 35. Qb8+ Kg7 36. Qd8 g4 37. fxg4 Qxg4 38. Kh2 Kh7 39. Qe8 Qh5+ 0-1

[Event "4NCL Division 3"]
[Site "Puma Hotel, Hinckley Island E"]
[Date "2013.05.04"]
[Round "9.177"]
[White "Chiu, Howard"]
[Black "Abbas, Daniel"]
[Result "1-0"]
[WhiteElo "2048"]
[BlackElo "1949"]
[PlyCount "116"]
[EventDate "2013.03.23"]
[Source "J.Saunders"]
[SourceDate "1998.06.06"]

1. e4 c5 2. Nf3 e6 3. d4 cxd4 4. Nxd4 a6 5. Bd3 Bc5 6. Nb3 Ba7 7. O-O Nc6 8.
Qe2 Qc7 9. Be3 d6 10. Bxa7 Nxa7 11. Qg4 g6 12. N1d2 Ne7 13. Qf4 Nac6 14. Nc4
Ne5 15. Nxe5 dxe5 16. Qf6 O-O 17. a4 b6 18. Nd2 Bb7 19. Nc4 Nc6 20. Ne3 Qd8 21.
Qxd8 Raxd8 22. f3 Nb4 23. Bc4 Rd2 24. Rf2 Rfd8 25. Raf1 Kf8 26. Rxd2 Rxd2 27.
Rf2 Rxf2 28. Kxf2 Ke7 29. c3 Nc6 30. Bd3 f6 31. Nc4 b5 32. Na3 b4 33. Nc2 bxc3
34. bxc3 Kd6 35. Nb4 a5 36. Nc2 Kc5 37. Na3 Nb8 38. Bb5 Bc6 39. Ke3 Nd7 40.
Bxc6 Kxc6 41. Nc4 Nb6 42. Nxa5+ Kc7 43. Kd3 Nxa4 44. Nc4 Kc6 45. Ne3 h5 46. h4
Kc5 47. g4 Nb2+ 48. Kc2 Na4 49. gxh5 gxh5 50. Nf1 Kc4 51. Ng3 Nxc3 52. Nxh5 f5
53. Nf6 fxe4 54. fxe4 Ne2 55. h5 Nf4 56. h6 Kc5 57. Nd7+ Kd6 58. Nf8 Ke7 1-0

[Event "4NCL Division 3"]
[Site "Puma Hotel, Hinckley Island E"]
[Date "2013.05.04"]
[Round "9.178"]
[White "Manton, Jacob"]
[Black "Colburn, Paul J"]
[Result "1-0"]
[WhiteElo "1828"]
[BlackElo "1978"]
[PlyCount "117"]
[EventDate "2013.03.23"]
[Source "J.Saunders"]
[SourceDate "1998.06.06"]

1. d4 Nf6 2. c4 c5 3. d5 b5 4. cxb5 a6 5. bxa6 Bxa6 6. Nc3 g6 7. Nf3 Bg7 8. e4
Bxf1 9. Kxf1 d6 10. g3 Nbd7 11. Kg2 Qb6 12. Qe2 O-O 13. a4 Qb4 14. Bd2 Nb6 15.
b3 Nfd7 16. Rhc1 Qxb3 17. a5 Qc4 18. Qe1 Nc8 19. Rcb1 Qa6 20. Ra3 Na7 21. Qf1
Qxf1+ 22. Kxf1 Rfb8 23. Rab3 Rxb3 24. Rxb3 Rb8 25. Rxb8+ Nxb8 26. Ke2 Na6 27.
Kd3 Kf8 28. Kc4 Nc7 29. Ne1 e6 30. Nc2 Bxc3 31. Bxc3 exd5+ 32. exd5 Ke7 33. f4
Nab5 34. Bb2 Kd7 35. g4 Kc8 36. Na3 Na7 37. Bf6 Kd7 38. Nc2 Ne8 39. g5 Nc7 40.
Ne3 Ne8 41. Ng4 Nc7 42. Bb2 Ne8 43. Ba1 Kd8 44. Bf6+ Kd7 45. Nh6 Nc8 46. Nxf7
Ne7 47. Bxe7 Kxe7 48. Nh6 Nc7 49. h4 Kd7 50. Ng8 Kc8 51. Nf6 Kb7 52. Nxh7 Ka6
53. Nf8 Kxa5 54. Nxg6 Na8 55. Ne7 Nb6+ 56. Kc3 Na4+ 57. Kb3 Kb5 58. g6 c4+ 59.
Kc2 1-0

[Event "4NCL Division 3"]
[Site "Puma Hotel, Hinckley Island E"]
[Date "2013.05.04"]
[Round "9.180"]
[White "Gittens, Nathan L"]
[Black "Scott, David A"]
[Result "0-1"]
[WhiteElo "1859"]
[BlackElo "2017"]
[PlyCount "90"]
[EventDate "2013.03.23"]
[Source "J.Saunders"]
[SourceDate "1998.06.06"]

1. d4 Nf6 2. c4 e6 3. Nc3 Bb4 4. f3 c5 5. d5 Bxc3+ 6. bxc3 d6 7. e4 e5 8. Bd3
Qe7 9. Be3 Nbd7 10. a4 a5 11. Ra2 h6 12. h4 Kd8 13. g4 Nf8 14. Rg2 h5 15. g5
N6d7 16. Rf2 Nb6 17. Qb3 Kc7 18. Rhh2 Bd7 19. Ra2 Qe8 20. Bxc5 dxc5 21. d6+
Kxd6 22. Qxb6+ Bc6 23. Bf1 Ne6 24. Bh3 Ra6 25. Rad2+ Ke7 26. Qb1 Qb8 27. Bxe6
Kxe6 28. Qd1 Ra8 29. Ne2 Rd8 30. Nc1 Qc7 31. Nd3 b6 32. Qe2 g6 33. Rf2 Ke7 34.
f4 exf4 35. Nxf4 Rxd2 36. Qxd2 Re8 37. Kf1 Bxe4 38. Nd5+ Bxd5 39. Qxd5 Kf8 40.
Qd3 Qe5 41. Qd7 Qe1+ 42. Kg2 Qe4+ 43. Rf3 Qxc4 44. Qe6 Kg8 45. Qf6 Re2+ 0-1

[Event "4NCL Division 3"]
[Site "Puma Hotel, Hinckley Island E"]
[Date "2013.05.04"]
[Round "9.185"]
[White "Maleki, Manuel"]
[Black "Hosken, Nigel K"]
[Result "1-0"]
[WhiteElo "2297"]
[BlackElo "2156"]
[PlyCount "55"]
[EventDate "2013.03.23"]
[Source "J.Saunders"]
[SourceDate "1998.06.06"]

1. Nf3 Nf6 2. c4 e6 3. Nc3 c5 4. g3 b6 5. Bg2 Bb7 6. O-O Be7 7. Re1 Ne4 8. Qc2
Nxc3 9. Qxc3 O-O 10. e4 d5 11. cxd5 exd5 12. e5 d4 13. Qd3 Na6 14. a3 Nc7 15.
Ng5 Bxg5 16. Bxb7 Rb8 17. Be4 h6 18. f4 Be7 19. f5 b5 20. f6 gxf6 21. Qf3 Ne6
22. d3 Ng7 23. Bxh6 fxe5 24. Bxg7 Kxg7 25. Qg4+ Kh6 26. Qh3+ Kg7 27. Qh7+ Kf6
28. Qh6# 1-0

[Event "4NCL Division 3"]
[Site "Puma Hotel, Hinckley Island E"]
[Date "2013.05.04"]
[Round "9.186"]
[White "Lambourne, Daniel M"]
[Black "Thorarinsson, Pall A"]
[Result "1/2-1/2"]
[WhiteElo "2007"]
[BlackElo "2245"]
[PlyCount "199"]
[EventDate "2013.03.23"]
[Source "J.Saunders"]
[SourceDate "1998.06.06"]

1. d4 Nf6 2. c4 e6 3. g3 c5 4. d5 exd5 5. cxd5 d6 6. Bg2 g6 7. Nc3 Bg7 8. e4
O-O 9. Nge2 Re8 10. O-O b5 11. e5 Rxe5 12. Bf4 Re8 13. Nxb5 Bf8 14. Nec3 Nh5
15. Qd2 Nxf4 16. Qxf4 Ba6 17. a4 Bxb5 18. axb5 Bg7 19. Ne4 Be5 20. Qd2 Nd7 21.
Ra6 Nf6 22. Nc3 Rb8 23. Rxa7 Bxc3 24. bxc3 Rxb5 25. Ra4 Nd7 26. Re4 Rxe4 27.
Bxe4 Kg7 28. f4 Qf6 29. Rb1 Rxb1+ 30. Bxb1 Nb6 31. Bc2 Qe7 32. Kf2 Qa7 33. c4
Qa1 34. Qd3 Qb2 35. Kf3 Qb4 36. Bb3 Qe1 37. h4 h5 38. Kg2 Nd7 39. Bd1 Nf6 40.
Be2 Qa1 41. Kf2 Qb2 42. Kf1 Ng8 43. f5 Nh6 44. fxg6 fxg6 45. Kg1 Nf7 46. Kf1
Qc1+ 47. Kf2 Ne5 48. Qb3 Qd2 49. Kf1 Qd4 50. Qb7+ Nf7 51. Qb3 Qe5 52. Kf2 Nh6
53. Qb7+ Kf6 54. Qb8 Qd4+ 55. Kf1 Nf7 56. Qb3 Ne5 57. Qb8 Nf7 58. Qb3 Kg7 59.
Qa3 Qf6+ 60. Ke1 Qe7 61. Kd2 Ne5 62. Qb3 g5 63. Bxh5 gxh4 64. gxh4 Qxh4 65. Be2
Qd4+ 66. Ke1 Qh4+ 67. Kd2 Qf4+ 68. Kd1 Kf6 69. Qb8 Nf7 70. Qc8 Ke5 71. Qh3 Ng5
72. Qh8+ Qf6 73. Qxf6+ Kxf6 74. Kc2 Ke5 75. Kd3 Kf4 76. Bf1 Nf3 77. Be2 Ne5+
78. Kc3 Ke3 79. Bf1 Nf3 80. Bd3 Nd2 81. Bc2 Ne4+ 82. Kb3 Nf6 83. Ka4 Kd4 84.
Kb5 Nxd5 85. cxd5 Kxd5 86. Ka4 Kc4 87. Be4 d5 88. Bh7 d4 89. Bg8+ Kc3 90. Kb5
d3 91. Bc4 d2 92. Be2 Kd4 93. Bd1 c4 94. Kb4 Kd3 95. Ka3 Kc3 96. Ka2 Kd3 97.
Kb2 Ke3 98. Kc3 Kf2 99. Kxd2 c3+ 100. Kxc3 1/2-1/2

[Event "4NCL Division 3"]
[Site "Puma Hotel, Hinckley Island E"]
[Date "2013.05.04"]
[Round "9.187"]
[White "Farkas, Daniel"]
[Black "Waterfield, John W"]
[Result "1-0"]
[WhiteElo "2108"]
[BlackElo "1990"]
[PlyCount "108"]
[EventDate "2013.03.23"]
[Source "J.Saunders"]
[SourceDate "1998.06.06"]

1. e4 g6 2. d4 Bg7 3. Nc3 c5 4. dxc5 Bxc3+ 5. bxc3 Qa5 6. Bd2 Qxc5 7. Bd3 Nf6
8. Ne2 O-O 9. O-O d6 10. Kh1 Nbd7 11. f4 Qh5 12. Qe1 Nc5 13. Ng3 Qh6 14. f5 g5
15. Qe3 Ng4 16. Qxg5+ Qxg5 17. Bxg5 f6 18. Bc4+ Kg7 19. Bd2 Bd7 20. h3 Ne5 21.
Bd5 h6 22. Be3 Rac8 23. Nh5+ Kh7 24. Nf4 Na4 25. Bxb7 Rxc3 26. Nd5 Rxc2 27.
Bxa7 Rg8 28. Rf2 Rxf2 29. Bxf2 Rb8 30. Ba6 Nc6 31. Bd3 Rb2 32. Be3 Nb4 33. Nxb4
Rxb4 34. Rb1 Rxb1+ 35. Bxb1 Nc3 36. Bd3 Ba4 37. Bd2 Nd1 38. Kg1 Kg7 39. Kf1 Nb2
40. Bb1 Bb5+ 41. Kf2 Bc6 42. Bc2 Nc4 43. Bc3 Na3 44. Bd3 Kf7 45. Bb4 Nb5 46. a4
Na7 47. a5 d5 48. Ke3 e6 49. exd5 Bxd5 50. Be4 Bxe4 51. Kxe4 Nb5 52. a6 h5 53.
Bc5 Nc7 54. a7 Na8 1-0

[Event "4NCL Division 3"]
[Site "Puma Hotel, Hinckley Island E"]
[Date "2013.05.04"]
[Round "9.189"]
[White "Kay, Jonathan"]
[Black "Dodwell, Phil"]
[Result "1/2-1/2"]
[WhiteElo "1958"]
[BlackElo "1920"]
[PlyCount "43"]
[EventDate "2013.03.23"]
[Source "J.Saunders"]
[SourceDate "1998.06.06"]

1. d4 f5 2. Nf3 e6 3. Nc3 d5 4. Bf4 Nf6 5. e3 a6 6. Ne2 c5 7. c3 Nc6 8. Ng3
cxd4 9. exd4 Bd6 10. Bxd6 Qxd6 11. Bd3 O-O 12. Qe2 b5 13. a3 Bd7 14. Ne5 Qc7
15. O-O Nxe5 16. Qxe5 Qxe5 17. dxe5 Ne8 18. f4 Nc7 19. Ne2 a5 20. Nd4 Rab8 21.
Nb3 Ra8 22. Nd4 1/2-1/2

[Event "4NCL Division 3"]
[Site "Puma Hotel, Hinckley Island E"]
[Date "2013.05.04"]
[Round "9.195"]
[White "Hatchett, Paul D"]
[Black "Stayt, James N"]
[Result "1-0"]
[WhiteElo "1945"]
[BlackElo "1983"]
[PlyCount "93"]
[EventDate "2013.03.23"]
[Source "J.Saunders"]
[SourceDate "1998.06.06"]

1. b3 d5 2. Bb2 Nf6 3. e3 c5 4. f4 Nc6 5. Nf3 e6 6. Be2 Be7 7. O-O O-O 8. d4
cxd4 9. Nxd4 Qb6 10. Nd2 Nxd4 11. exd4 Bd7 12. a4 Rac8 13. Kh1 Qc7 14. Bd3 Bd6
15. Qf3 Bc6 16. Rae1 Ne4 17. Re2 f5 18. Nb1 Rf6 19. Ba3 Bxa3 20. Nxa3 Qe7 21.
Nb1 Rh6 22. Bxe4 dxe4 23. Qe3 Qh4 24. g3 Qh3 25. Rc1 Be8 26. Nd2 Bh5 27. Rg2
Bg4 28. c4 Qh5 29. c5 Qe8 30. Kg1 Qd7 31. Nc4 Bh5 32. Rgc2 Be8 33. Nd6 Rd8 34.
Rc4 Qc7 35. b4 a6 36. b5 axb5 37. axb5 Rf6 38. Ra4 Rf8 39. Ra7 Rb8 40. Qa3 Bh5
41. Rc4 Rfd8 42. Rca4 h6 43. R4a6 Rd7 44. Rb6 Qd8 45. Qb3 Bf7 46. Nxf7 Rxf7 47.
Rd6 1-0

[Event "4NCL Division 3"]
[Site "Puma Hotel, Hinckley Island E"]
[Date "2013.05.04"]
[Round "9.196"]
[White "Tart, Peter K"]
[Black "Staniforth, Matthew"]
[Result "1-0"]
[WhiteElo "1966"]
[BlackElo "1932"]
[PlyCount "63"]
[EventDate "2013.03.23"]
[Source "J.Saunders"]
[SourceDate "1998.06.06"]

1. e4 c5 2. Nc3 a6 3. f4 e6 4. g3 d5 5. d3 Nc6 6. Bg2 Nf6 7. e5 Ng8 8. Nf3 Nh6
9. O-O Be7 10. h3 Nf5 11. g4 Nfd4 12. Nxd4 cxd4 13. Ne2 Bd7 14. Bd2 Qb6 15. b3
Rc8 16. a3 Qc5 17. Ra2 O-O 18. f5 Nxe5 19. Bb4 Qc7 20. Bxe7 exf5 21. gxf5 Rfe8
22. f6 Ng6 23. Qd2 Nxe7 24. fxe7 Rxe7 25. Qf4 Qxf4 26. Nxf4 Bc6 27. Raa1 Re3
28. Rae1 Rce8 29. Rxe3 dxe3 30. Nxd5 Bxd5 31. Bxd5 Rc8 32. Bxf7+ 1-0

[Event "4NCL Division 3"]
[Site "Puma Hotel, Hinckley Island E"]
[Date "2013.05.04"]
[Round "9.199"]
[White "Wills, Alex"]
[Black "Cresswell, Mike J"]
[Result "1/2-1/2"]
[WhiteElo "1740"]
[BlackElo "1832"]
[PlyCount "67"]
[EventDate "2013.03.23"]
[Source "J.Saunders"]
[SourceDate "1998.06.06"]

1. d4 Nf6 2. c4 c5 3. d5 b5 4. cxb5 a6 5. bxa6 Bxa6 6. Nc3 g6 7. Bg5 d6 8. g3
Bg7 9. Qc1 h5 10. Bg2 Nbd7 11. Nf3 Qc7 12. O-O O-O 13. Bh6 Ng4 14. Bxg7 Kxg7
15. h3 Nge5 16. Nd2 Nf6 17. f4 Nc4 18. Nxc4 Bxc4 19. b3 Ba6 20. f5 Qa7 21. Kh2
Rac8 22. Qb2 Kh7 23. Ne4 Nxe4 24. Bxe4 Bb5 25. Qc2 Kg7 26. Qb2+ f6 27. fxg6 c4
28. bxc4 Bxc4 29. Rf4 Qe3 30. Re1 h4 31. Ref1 Qxg3+ 32. Kh1 Qxh3+ 33. Kg1 Qg3+
34. Kh1 1/2-1/2

[Event "4NCL Division 3"]
[Site "Puma Hotel, Hinckley Island E"]
[Date "2013.05.04"]
[Round "9.205"]
[White "Judkins, Brian D"]
[Black "Hopkins, Phil"]
[Result "1-0"]
[WhiteElo "1854"]
[BlackElo "2032"]
[PlyCount "81"]
[EventDate "2013.03.23"]
[Source "J.Saunders"]
[SourceDate "1998.06.06"]

1. e4 e6 2. d4 d5 3. Nc3 Bb4 4. e5 Ne7 5. Nf3 c5 6. a3 Bxc3+ 7. bxc3 Qc7 8. Bd3
Nbc6 9. O-O Bd7 10. Be3 h6 11. Qd2 c4 12. Be2 g5 13. Ne1 O-O-O 14. f4 gxf4 15.
Bxf4 Rdg8 16. Bxh6 Nf5 17. Bf4 Qd8 18. Nf3 Nh4 19. g3 Nxf3+ 20. Bxf3 f5 21.
exf6 Qxf6 22. Bg2 Rh5 23. Qe2 Qh8 24. h4 Qh7 25. Rf2 Qg6 26. Kh2 Rgh8 27. Raf1
b6 28. Bd6 e5 29. Rf6 Qg5 30. Rf8+ Rxf8 31. Rxf8+ Kb7 32. dxe5 Bg4 33. Qf2 Nxe5
34. Bxd5+ Ka6 35. Bxe5 Qxe5 36. Bxc4+ Ka5 37. Rf4 Bc8 38. Qf3 Qc5 39. Bb3 Re5
40. Ra4+ Kb5 41. c4+ 1-0

[Event "4NCL Division 3"]
[Site "Puma Hotel, Hinckley Island E"]
[Date "2013.05.04"]
[Round "9.206"]
[White "Bucknell, Malcolm G"]
[Black "Livesey, R  Nigel"]
[Result "1/2-1/2"]
[WhiteElo "1939"]
[BlackElo "1888"]
[PlyCount "84"]
[EventDate "2013.03.23"]
[Source "J.Saunders"]
[SourceDate "1998.06.06"]

1. d4 d5 2. Nf3 Nf6 3. g3 e6 4. Bg2 Be7 5. O-O O-O 6. c4 c6 7. Qc2 Nbd7 8. Rd1
Re8 9. Nbd2 b6 10. e4 dxe4 11. Nxe4 Bb7 12. Ne5 Qc8 13. Ng5 Rf8 14. Re1 c5 15.
Nxd7 Qxd7 16. d5 exd5 17. cxd5 h6 18. Ne6 Rfe8 19. Nxg7 Kxg7 20. Qc3 Rad8 21.
Bf4 Bxd5 22. Bxd5 Qxd5 23. Bxh6+ Kxh6 24. Rxe7 Qd4 25. Rxf7 Qxc3 26. bxc3 Nd5
27. c4 Re7 28. Rxe7 Nxe7 29. Re1 Rd7 30. f4 Nf5 31. g4 Re7 32. Rxe7 Nxe7 33.
Kf2 Nc6 34. Ke2 Kg6 35. h4 Nd4+ 36. Kd3 Nf3 37. h5+ Kh6 38. Ke4 Nd2+ 39. Kd5
Nb1 40. Kc6 Nd2 41. Kb5 Nf1 42. Ka6 Ne3 1/2-1/2

[Event "4NCL Division 3"]
[Site "Puma Hotel, Hinckley Island E"]
[Date "2013.05.04"]
[Round "9.208"]
[White "Fogg, Martin"]
[Black "Smith, Peter K"]
[Result "1-0"]
[WhiteElo "1942"]
[BlackElo "1764"]
[PlyCount "75"]
[EventDate "2013.03.23"]
[Source "J.Saunders"]
[SourceDate "1998.06.06"]

1. e4 e6 2. d4 d5 3. Nd2 dxe4 4. Nxe4 Bd7 5. Nf3 Bc6 6. Bd3 Nd7 7. O-O Ngf6 8.
Nxf6+ Nxf6 9. Qe2 Bxf3 10. Qxf3 Qd5 11. Qxd5 Nxd5 12. a3 Bd6 13. g3 O-O-O 14.
Re1 Kb8 15. Bf1 h5 16. c4 Nf6 17. Bg5 Be7 18. Rad1 Rd7 19. Rd3 Rhd8 20. Red1
Ng8 21. Be3 Bf6 22. Bg2 Ne7 23. b4 Nf5 24. d5 Nxe3 25. fxe3 c6 26. e4 cxd5 27.
exd5 Kc7 28. Re1 b6 29. Kf1 exd5 30. cxd5 Rd6 31. Rc1+ Kb7 32. a4 a6 33. Rf3 g5
34. Rf5 h4 35. Rc6 Bh8 36. Rxf7+ Kb8 37. Rxd6 Rxd6 38. Rf8+ 1-0

[Event "4NCL Division 3"]
[Site "Puma Hotel, Hinckley Island E"]
[Date "2013.05.04"]
[Round "9.209"]
[White "Turvey, Steven S"]
[Black "Peck, Silas"]
[Result "1/2-1/2"]
[WhiteElo "1788"]
[BlackElo "1713"]
[PlyCount "39"]
[EventDate "2013.03.23"]
[Source "J.Saunders"]
[SourceDate "1998.06.06"]

1. e4 e5 2. Nf3 Nc6 3. Bc4 Bc5 4. d3 Nf6 5. Nc3 d6 6. h3 a6 7. a3 Ba7 8. O-O
Be6 9. Bxe6 fxe6 10. Be3 O-O 11. Bxa7 Nxa7 12. Nh2 Qe8 13. f4 Qg6 14. fxe5 dxe5
15. Qd2 Nh5 16. Ne2 Nb5 17. Ng4 Nd4 18. Nxd4 exd4 19. Rxf8+ Rxf8 20. Rf1
1/2-1/2

[Event "4NCL Division 3"]
[Site "Puma Hotel, Hinckley Island E"]
[Date "2013.05.04"]
[Round "9.215"]
[White "Hamer, Martyn"]
[Black "Tarhon, Brian"]
[Result "0-1"]
[WhiteElo "2030"]
[BlackElo "1863"]
[PlyCount "77"]
[EventDate "2013.03.23"]
[Source "J.Saunders"]
[SourceDate "1998.06.06"]

1. Nf3 Nf6 2. c4 g6 3. g3 Bg7 4. Bg2 O-O 5. O-O d6 6. d4 Bf5 7. Nc3 Nc6 8. Nh4
Bd7 9. d5 Na5 10. Qd3 c5 11. e4 Ng4 12. b3 b5 13. cxb5 Bxb5 14. Qxb5 Bxc3 15.
Rb1 Qc7 16. Bb2 Bxb2 17. Rxb2 e6 18. Qe2 Ne5 19. f4 Nd7 20. dxe6 fxe6 21. e5 d5
22. Nf3 Rac8 23. Ng5 Qb6 24. Kh1 Kg7 25. Qg4 Rf5 26. Rd2 c4 27. Nxe6+ Qxe6 28.
Bxd5 Qe7 29. Be4 c3 30. Bxf5 cxd2 31. Bxd7 h5 32. Qe2 Qxd7 33. Rd1 Rc1 34. Kg1
Qd4+ 35. Kg2 Rxd1 36. Qxd1 Nc6 37. Kf3 Nxe5+ 38. Ke2 Qd3+ 39. Kf2 0-1

[Event "4NCL Division 3"]
[Site "Puma Hotel, Hinckley Island E"]
[Date "2013.05.04"]
[Round "9.218"]
[White "Willson, Ollie"]
[Black "Norris, Michael J"]
[Result "1-0"]
[WhiteElo "1733"]
[BlackElo "1969"]
[PlyCount "81"]
[EventDate "2013.03.23"]
[Source "J.Saunders"]
[SourceDate "1998.06.06"]

1. c4 Nf6 2. Nf3 c6 3. Nc3 d5 4. e3 g6 5. d4 Bg7 6. Bd3 O-O 7. O-O Nbd7 8. cxd5
cxd5 9. Qb3 e6 10. Bd2 Qb6 11. Qxb6 Nxb6 12. Rac1 Bd7 13. Ne5 a6 14. Ne2 Rac8
15. Ba5 Na8 16. Nc3 Bc6 17. Rc2 Nd7 18. Nxc6 Rxc6 19. Rfc1 f5 20. Na4 Rxc2 21.
Rxc2 e5 22. dxe5 Nxe5 23. Be2 Nc6 24. Bd2 Nc7 25. Nc5 Rb8 26. b3 Nb5 27. Nxa6
bxa6 28. Rxc6 Ra8 29. a4 Na3 30. Bxa6 Nb1 31. Bb4 Rb8 32. Bb5 d4 33. exd4 Bxd4
34. Rc1 Nd2 35. Bxd2 Rd8 36. Be1 Bb2 37. Rb1 Bd4 38. Kf1 Be5 39. g3 f4 40. Kg2
fxg3 41. hxg3 1-0